| 000 | 00466nam a2200181Ia 4500 | ||
|---|---|---|---|
| 008 | 170705s9999 xx 000 0 und d | ||
| 020 | _a9780439350839 | ||
| 245 | 4 | _aThe elves and the shoemaker / | |
| 245 | _cNancy Leber ; illustrated by John Hovell. | ||
| 260 | _aNew York : | ||
| 260 | _bScholastic, | ||
| 260 | _c2002 | ||
| 300 | _a16 pages : | ||
| 300 | _bcolor illustration ; | ||
| 300 | _c18cm. | ||
| 440 | _aReady-to-read level 3. | ||
| 500 | _a200 | ||
| 999 |
_c335482 _d335482 |
||